[Event "IECG WC.2012.S.00001 email"]
[Site "IECG email"]
[Date "2009.07.18"]
[Round "?"]
[White "Carroll, Patrick"]
[Black "Pecha, Martin"]
[Result "0-1"]
[WhiteElo "2036"]
[BlackElo "2373"]
[PlyCount "59"]
[EventDate "2009.07.18"]
[EventType "tourn (corr)"]
[EventRounds "10"]
[SourceTitle "Corr 2024"]
[Source "ChessBase"]
[SourceDate "2023.10.19"]
[SourceVersion "1"]
[SourceVersionDate "2023.10.19"]
[SourceQuality "1"]

1. e4 c5 2. Nf3 d6 3. d4 cxd4 4. Nxd4 Nf6 5. Nc3 a6 6. Be3 e6 7. f3 b5 8. g4 h6 9. Qd2 b4 10. Nce2 e5 11. Nb3 a5 12. Ng3 a4 13. Nc1 d5 14. Bb5+ Bd7 15. Bxd7+ Qxd7 16. exd5 Nxd5 17. Nd3 a3 18. b3 Nc6 19. 0-0 0-0-0 20. Qf2 f6 21. Kh1 Kb8 22. Rac1 Qb7 23. Bd2 Be7 24. c4 Nc7 25. Ne1 Ne6 26. Be3 g6 27. Nc2 h5 28. gxh5 f5 29. Bb6 Rde8 30. Qg1 0-1

[Event "IECG WC.2012.S.00001 email"]
[Site "IECG email"]
[Date "2009.07.18"]
[Round "?"]
[White "Pecha, Martin"]
[Black "Kablan, Cristian"]
[Result "1-0"]
[WhiteElo "2373"]
[BlackElo "1396"]
[PlyCount "65"]
[EventDate "2009.07.18"]
[EventType "tourn (corr)"]
[EventRounds "10"]
[SourceTitle "Corr 2024"]
[Source "ChessBase"]
[SourceDate "2023.10.19"]
[SourceVersion "1"]
[SourceVersionDate "2023.10.19"]
[SourceQuality "1"]

1. e4 c5 2. Nf3 d6 3. d4 cxd4 4. Nxd4 Nf6 5. Nc3 a6 6. Be3 e5 7. Nb3 Be6 8. f3 Nbd7 9. Qd2 Be7 10. g4 h6 11. 0-0-0 b5 12. Kb1 Nb6 13. Qf2 Nfd7 14. h4 Rc8 15. Nd5 Bxd5 16. exd5 Nc4 17. Bc1 Qb6 18. Qe1 Qc7 19. f4 Ncb6 20. Qf2 exf4 21. Bxf4 Nf6 22. Bh3 Nfxd5 23. Bc1 Nb4 24. c3 Nc6 25. g5 Rd8 26. gxh6 gxh6 27. Nd4 Ne5 28. Nf5 Bf8 29. Rhe1 Nbc4 30. b3 Nb6 31. Nxd6+ Rxd6 32. Rxe5+ Kd8 33. Qf6+ 1-0

[Event "IECG WC.2012.S.00001 email"]
[Site "IECG email"]
[Date "2009.07.18"]
[Round "?"]
[White "Veiseh, David"]
[Black "Pecha, Martin"]
[Result "0-1"]
[WhiteElo "1905"]
[BlackElo "2373"]
[PlyCount "80"]
[EventDate "2009.07.18"]
[EventType "tourn (corr)"]
[EventRounds "10"]
[SourceTitle "Corr 2024"]
[Source "ChessBase"]
[SourceDate "2023.10.19"]
[SourceVersion "1"]
[SourceVersionDate "2023.10.19"]
[SourceQuality "1"]

1. e4 c5 2. Nf3 d6 3. d4 cxd4 4. Nxd4 Nf6 5. Nc3 a6 6. Be3 e6 7. f4 b5 8. Qf3 Bb7 9. Bd3 Nbd7 10. 0-0 Rc8 11. a4 b4 12. Na2 Nc5 13. Nxb4 Be7 14. Qe2 0-0 15. Bc4 a5 16. e5 dxe5 17. fxe5 Nfd7 18. Nd3 Nxd3 19. Bxd3 Nxe5 20. Bb5 Bd6 21. c3 Ng6 22. Qh5 Qc7 23. Bd3 Bc5 24. Rf2 e5 25. Nf5 Rfd8 26. Bc2 Rb8 27. Bxc5 Qxc5 28. Qg5 Qc7 29. Rb1 f6 30. Qe3 Nf4 31. Ng3 g6 32. Ne2 Nd5 33. Bb3 Kg7 34. Bxd5 Bxd5 35. Ng3 Bc4 36. b4 Rd3 37. Qe1 f5 38. b5 Rbd8 39. Nf1 e4 40. Kh1 Qe5 0-1

[Event "Vienna op-B 14th"]
[Site "Vienna"]
[Date "2003.08.18"]
[Round "3"]
[White "Kassel, Walter"]
[Black "Pecha, Martin"]
[Result "0-1"]
[WhiteElo "1816"]
[BlackElo "1920"]
[PlyCount "58"]
[EventDate "2003.08.16"]
[EventType "swiss"]
[EventRounds "9"]
[EventCountry "AUT"]
[SourceTitle "CBM 095 Extra"]
[Source "ChessBase"]
[SourceDate "2003.09.04"]
[SourceVersion "1"]
[SourceVersionDate "2003.09.04"]
[SourceQuality "1"]

1. d4 d5 2. c4 c6 3. Nf3 Nf6 4. e3 e6 5. Nc3 Nbd7 6. Qc2 Bd6 7. Be2 dxc4 8. Bxc4 b5 9. Bd3 Bb7 10. 0-0 0-0 11. Bd2 a6 12. Rac1 Rc8 13. e4 e5 14. dxe5 Nxe5 15. Nxe5 Bxe5 16. f4 Bd4+ 17. Kh1 Ng4 18. Nd1 Nxh2 19. Be3 Nxf1 20. Bxf1 Bxe3 21. Nxe3 Qh4+ 22. Kg1 Qxf4 23. Nf5 Qe5 24. Qf2 c5 25. Qh4 Rc7 26. Bd3 Bc8 27. Rc3 Bxf5 28. exf5 Rfc8 29. Bc2 Qd4+ 0-1

[Event "Vienna op-B 14th"]
[Site "Vienna"]
[Date "2003.08.16"]
[Round "1"]
[White "Schreiber, Ewald"]
[Black "Pecha, Martin"]
[Result "0-1"]
[WhiteElo "1779"]
[BlackElo "1920"]
[PlyCount "76"]
[EventDate "2003.08.16"]
[EventType "swiss"]
[EventRounds "9"]
[EventCountry "AUT"]
[SourceTitle "CBM 095 Extra"]
[Source "ChessBase"]
[SourceDate "2003.09.04"]
[SourceVersion "1"]
[SourceVersionDate "2003.09.04"]
[SourceQuality "1"]

1. d4 d5 2. Nf3 Nf6 3. c4 c6 4. g3 dxc4 5. Bg2 b5 6. Ne5 Bb7 7. b3 cxb3 8. Qxb3 e6 9. e3 Nd5 10. 0-0 Be7 11. Bd2 0-0 12. Rc1 Qb6 13. e4 Nf6 14. Be3 Qd8 15. Nd2 a6 16. Rc2 Nfd7 17. f4 Nxe5 18. fxe5 Bg5 19. Rac1 Bxe3+ 20. Qxe3 Qb6 21. Qf2 Nd7 22. Nb3 Rad8 23. Nc5 Nxc5 24. Rxc5 Rd7 25. Bh3 Qd8 26. Rd1 Qc7 27. Qc2 Rfd8 28. Qc3 h6 29. Rd2 Qb8 30. Bg2 h5 31. d5 exd5 32. exd5 cxd5 33. Rc2 d4 34. Qe1 Bxg2 35. Kxg2 Qb6 36. Rc8 Rxc8 37. Rxc8+ Rd8 38. Rxd8+ Qxd8 0-1

[Event "IECG WC.2004.T.00001 email"]
[Site "IECG email"]
[Date "2003.08.15"]
[Round "?"]
[White "Onder, Evren"]
[Black "Pecha, Martin"]
[Result "1/2-1/2"]
[WhiteElo "2298"]
[BlackElo "2379"]
[PlyCount "40"]
[EventDate "2003.08.15"]
[EventType "tourn (corr)"]
[EventRounds "8"]
[SourceTitle "Corr 2008"]
[Source "ChessBase"]
[SourceDate "2008.06.24"]
[SourceVersion "1"]
[SourceVersionDate "2008.06.24"]
[SourceQuality "1"]

1. e4 c5 2. Nf3 d6 3. d4 cxd4 4. Nxd4 Nf6 5. Nc3 a6 6. Be3 e6 7. g4 e5 8. Nf5 g6 9. g5 gxf5 10. exf5 d5 11. gxf6 d4 12. Bc4 Qc7 13. Qd3 dxe3 14. fxe3 b5 15. Bd5 Ra7 16. 0-0-0 Qb6 17. Rhg1 Rd7 18. Qe4 Qxf6 19. Qf3 Qb6 20. Ne4 Be7 1/2-1/2

[Event "IECG WC.2001.F.00001 email"]
[Site "IECG email"]
[Date "2001.12.15"]
[Round "?"]
[White "Martin, Milan"]
[Black "Pecha, Martin"]
[Result "1/2-1/2"]
[WhiteElo "2455"]
[BlackElo "2349"]
[PlyCount "58"]
[EventDate "2001.12.15"]
[EventType "tourn (corr)"]
[EventRounds "14"]
[SourceTitle "Corr 2008"]
[Source "ChessBase"]
[SourceDate "2008.06.24"]
[SourceVersion "1"]
[SourceVersionDate "2008.06.24"]
[SourceQuality "1"]

1. e4 c5 2. Nf3 d6 3. d4 cxd4 4. Nxd4 Nf6 5. Nc3 a6 6. Be3 e6 7. f3 b5 8. g4 Nfd7 9. Qd2 Nb6 10. 0-0-0 N8d7 11. Bg5 Qc7 12. Nb3 b4 13. Ne2 d5 14. exd5 Nxd5 15. Nf4 Bb7 16. Nxd5 Bxd5 17. Qe3 Rc8 18. Rd2 Bc5 19. Nxc5 Qxc5 20. Bxa6 Qxe3 21. Bxe3 Ra8 22. Bb5 Rxa2 23. Kb1 Ra5 24. Bxd7+ Kxd7 25. b3 Kc6 26. Bd4 f6 27. Rf1 e5 28. Bb2 g5 29. h4 h6 1/2-1/2

[Event "IECG WC.2001.F.00001 email"]
[Site "IECG email"]
[Date "2001.12.15"]
[Round "?"]
[White "Pecha, Martin"]
[Black "Bonatti, Walter Fabian"]
[Result "1/2-1/2"]
[WhiteElo "2349"]
[BlackElo "2474"]
[PlyCount "58"]
[EventDate "2001.12.15"]
[EventType "tourn (corr)"]
[EventRounds "14"]
[SourceTitle "Corr 2008"]
[Source "ChessBase"]
[SourceDate "2008.06.24"]
[SourceVersion "1"]
[SourceVersionDate "2008.06.24"]
[SourceQuality "1"]

1. e4 e6 2. d4 d5 3. Nc3 Nf6 4. e5 Nfd7 5. f4 c5 6. Nf3 Nc6 7. Be3 a6 8. Qd2 b5 9. dxc5 Bxc5 10. Bxc5 Nxc5 11. Qf2 Qb6 12. Bd3 b4 13. Ne2 a5 14. 0-0 Ba6 15. Rad1 Na4 16. Qxb6 Nxb6 17. b3 Ke7 18. Bxa6 Rxa6 19. Ned4 Nxd4 20. Nxd4 Rc8 21. a3 bxa3 22. Ra1 Nd7 23. Rxa3 Nb8 24. Kf2 Nc6 25. Ne2 g5 26. g3 gxf4 27. gxf4 f6 28. exf6+ Kxf6 29. c3 Rb6 1/2-1/2

[Event "IECG WC.2001.F.00001 email"]
[Site "IECG email"]
[Date "2001.12.15"]
[Round "?"]
[White "Polaczek, Richard"]
[Black "Pecha, Martin"]
[Result "1/2-1/2"]
[WhiteElo "2454"]
[BlackElo "2349"]
[PlyCount "32"]
[EventDate "2001.12.15"]
[EventType "tourn (corr)"]
[EventRounds "14"]
[SourceTitle "Corr 2008"]
[Source "ChessBase"]
[SourceDate "2008.06.24"]
[SourceVersion "1"]
[SourceVersionDate "2008.06.24"]
[SourceQuality "1"]

1. e4 c5 2. Nf3 d6 3. Bb5+ Bd7 4. Bxd7+ Qxd7 5. c4 Nc6 6. Nc3 g6 7. d4 cxd4 8. Nxd4 Bg7 9. Nde2 Nf6 10. f3 0-0 11. 0-0 a6 12. a4 Qd8 13. Be3 Nd7 14. Rb1 Qa5 15. Qd2 Qb4 16. b3 Nc5 1/2-1/2

[Event "IECG WC.2002.T.00002 email"]
[Site "IECG email"]
[Date "2001.06.15"]
[Round "?"]
[White "Pecha, Martin"]
[Black "Fernandez Fornes, Juan Alberto"]
[Result "1-0"]
[WhiteElo "2351"]
[BlackElo "2320"]
[PlyCount "21"]
[EventDate "2001.06.15"]
[EventType "tourn (corr)"]
[EventRounds "10"]
[SourceTitle "Corr 2008"]
[Source "ChessBase"]
[SourceDate "2008.06.24"]
[SourceVersion "1"]
[SourceVersionDate "2008.06.24"]
[SourceQuality "1"]

1. e4 e5 2. Nf3 Nc6 3. Bb5 a6 4. Ba4 Nf6 5. 0-0 Nxe4 6. d4 b5 7. Bb3 d5 8. dxe5 Be6 9. Nbd2 Nc5 10. c3 d4 11. Bxe6 1-0

[Event "IECG WC.2003.S.00001 email"]
[Site "IECG email"]
[Date "2001.04.01"]
[Round "?"]
[White "Hoffmann, Michael"]
[Black "Pecha, Martin"]
[Result "0-1"]
[WhiteElo "1184"]
[BlackElo "2351"]
[PlyCount "54"]
[EventDate "2001.04.01"]
[EventType "tourn (corr)"]
[EventRounds "8"]
[SourceTitle "Corr 2008"]
[Source "ChessBase"]
[SourceDate "2008.06.24"]
[SourceVersion "1"]
[SourceVersionDate "2008.06.24"]
[SourceQuality "1"]

1. e4 c5 2. Nf3 d6 3. d4 cxd4 4. Nxd4 Nf6 5. Nc3 a6 6. Be3 e6 7. Be2 Qc7 8. 0-0 b5 9. a3 Bb7 10. f3 Nbd7 11. Qe1 d5 12. exd5 Nxd5 13. Nxd5 Bxd5 14. f4 Bd6 15. Qh4 Be7 16. Qh3 0-0 17. Bd3 f5 18. b4 Rf6 19. Nf3 Rg6 20. Rae1 Nf6 21. Re2 Rh6 22. Qg3 Nh5 23. Qf2 Nxf4 24. Bxf4 Qxf4 25. g3 Qd6 26. Nd4 Bd8 27. c3 Bb6 0-1

[Event "IECG WC.2003.S.00001 email"]
[Site "IECG email"]
[Date "2001.04.01"]
[Round "?"]
[White "Pecha, Martin"]
[Black "Ginther, Ron"]
[Result "1-0"]
[WhiteElo "2351"]
[BlackElo "2009"]
[PlyCount "103"]
[EventDate "2001.04.01"]
[EventType "tourn (corr)"]
[EventRounds "8"]
[SourceTitle "Corr 2008"]
[Source "ChessBase"]
[SourceDate "2008.06.24"]
[SourceVersion "1"]
[SourceVersionDate "2008.06.24"]
[SourceQuality "1"]

1. e4 e5 2. Nf3 Nc6 3. Bb5 a6 4. Ba4 Nf6 5. 0-0 Be7 6. Re1 b5 7. Bb3 d6 8. c3 0-0 9. h3 Be6 10. d4 Bxb3 11. axb3 exd4 12. cxd4 d5 13. e5 Ne4 14. Nc3 f5 15. exf6 Nxf6 16. Bg5 b4 17. Na4 Ne4 18. Bxe7 Nxe7 19. Rc1 Ng6 20. Nc5 Nxc5 21. Rxc5 Qd7 22. Ne5 Nxe5 23. dxe5 c6 24. Qd2 a5 25. Kh2 Qc7 26. f4 Qb6 27. Rec1 Rac8 28. g3 Rc7 29. g4 Re8 30. h4 Re6 31. Kg3 Rce7 32. h5 Re8 33. Qe3 Kh8 34. Ra1 Ra8 35. Rac1 Rae8 36. Qd4 Kg8 37. Re1 Kf7 38. Ra1 Ra8 39. Qf2 g5 40. hxg6+ hxg6 41. Rcxa5 Qxf2+ 42. Kxf2 Rxa5 43. Rxa5 g5 44. Ke3 Rh6 45. f5 Rh4 46. Ra7+ Kf8 47. Kd4 Rxg4+ 48. Kc5 Rf4 49. e6 Rxf5 50. Kxc6 d4 51. Kd6 Rf6 52. Kd7 1-0

[Event "IECG WC.2003.S.00001 email"]
[Site "IECG email"]
[Date "2001.04.01"]
[Round "?"]
[White "Rust, Keith"]
[Black "Pecha, Martin"]
[Result "1-0"]
[WhiteElo "2264"]
[BlackElo "2351"]
[PlyCount "149"]
[EventDate "2001.04.01"]
[EventType "tourn (corr)"]
[EventRounds "8"]
[SourceTitle "Corr 2008"]
[Source "ChessBase"]
[SourceDate "2008.06.24"]
[SourceVersion "1"]
[SourceVersionDate "2008.06.24"]
[SourceQuality "1"]

1. d4 Nf6 2. c4 g6 3. Nc3 d5 4. Bf4 Bg7 5. e3 c6 6. Nf3 0-0 7. Rc1 Qa5 8. Qd2 Be6 9. b3 Nbd7 10. Bd3 dxc4 11. bxc4 Rfd8 12. h3 Rac8 13. 0-0 Nh5 14. Bh2 Bh6 15. Rb1 b6 16. Qc2 f5 17. a4 Bf7 18. Rfe1 Bg7 19. e4 f4 20. e5 Nf8 21. Ne2 Bh6 22. Nc1 Qa6 23. Nb3 Rc7 24. a5 Qc8 25. axb6 axb6 26. Ra1 Ne6 27. Ra2 b5 28. Ra5 Nhg7 29. Rea1 Nf5 30. Qb2 Ng5 31. Nxg5 Bxg5 32. Nc5 Bxc4 33. Bxc4+ bxc4 34. Qc1 e6 35. Bxf4 Bxf4 36. Qxf4 Nxd4 37. Qh4 Nf5 38. Qxc4 Ng7 39. Ra6 h6 40. Ne4 Ne8 41. Ra8 Qxa8 42. Rxa8 Rxa8 43. Qxe6+ Kh7 44. f4 Ra4 45. f5 gxf5 46. Qxf5+ Kg7 47. Nc5 Rf7 48. Qh5 Ra1+ 49. Kh2 Re7 50. Qg4+ Kh8 51. Qg6 Ng7 52. Ne4 Kg8 53. Nf6+ Kf8 54. Qh7 Rea7 55. Qg8+ Ke7 56. Qxg7+ Ke6 57. Qxh6 Kxe5 58. Ng4+ Kd5 59. Ne3+ Ke4 60. Nc2 R1a4 61. Qxc6+ Kd3 62. Ne1+ Ke2 63. Nf3 Ke3 64. h4 R7a6 65. Qc3+ Ke4 66. Qe5+ Kd3 67. h5 R4a5 68. Qd4+ Kc2 69. Qc4+ Kb2 70. g4 Ra4 71. Qe2+ Kc3 72. Kg3 Ra8 73. g5 R4a5 74. h6 Rd5 75. g6 1-0

[Event "IECG WC.2003.S.00001 email"]
[Site "IECG email"]
[Date "2001.04.01"]
[Round "?"]
[White "Soentges, Karl Heinz"]
[Black "Pecha, Martin"]
[Result "1-0"]
[WhiteElo "2396"]
[BlackElo "2351"]
[PlyCount "137"]
[EventDate "2001.04.01"]
[EventType "tourn (corr)"]
[EventRounds "8"]
[SourceTitle "Corr 2008"]
[Source "ChessBase"]
[SourceDate "2008.06.24"]
[SourceVersion "1"]
[SourceVersionDate "2008.06.24"]
[SourceQuality "1"]

1. e4 c5 2. Nf3 d6 3. d4 cxd4 4. Nxd4 Nf6 5. Nc3 a6 6. Be3 e6 7. f3 b5 8. g4 h6 9. Bd3 Nbd7 10. Qd2 Bb7 11. 0-0-0 Ne5 12. Rhe1 b4 13. Na4 d5 14. exd5 Bxd5 15. f4 Nxd3+ 16. Qxd3 Be4 17. Qc4 Bd5 18. Qe2 Qa5 19. b3 Be7 20. f5 Qc7 21. fxe6 fxe6 22. Bg1 Qf4+ 23. Kb2 Qxg4 24. Qxg4 Nxg4 25. Nb6 Kf7 26. Nxa8 Rxa8 27. Re2 Bf6 28. Rf1 h5 29. h3 Nh6 30. Bh2 Nf5 31. Be5 g6 32. Bxf6 Kxf6 33. Rd2 Rc8 34. a3 Rc3 35. Nxf5 gxf5 36. axb4 Rxh3 37. Ra1 Bb7 38. Rd7 Be4 39. Rxa6 f4 40. b5 Rh2 41. Rc7 f3 42. b6 f2 43. Raa7 Kg6 44. Rg7+ Kh6 45. Rgf7 Bf5 46. Ra1 f1Q 47. Rxf1 Rxc2+ 48. Ka3 Rc8 49. b7 Rb8 50. Re1 h4 51. Kb4 h3 52. Kc5 Kg6 53. Rxf5 exf5 54. Kb6 Rh8 55. Ka7 Kg5 56. b8Q Rxb8 57. Kxb8 f4 58. b4 f3 59. b5 f2 60. Rb1 Kg4 61. b6 Kf3 62. b7 Kg2 63. Kc8 f1Q 64. Rxf1 Kxf1 65. b8Q Kg2 66. Qb7+ Kg1 67. Qb6+ Kf1 68. Qf6+ Kg1 69. Qd4+ 1-0

[Event "IECG WC.1999.F.00001 email"]
[Site "IECG email"]
[Date "1999.??.??"]
[Round "?"]
[White "Pecha, Martin"]
[Black "Angus, George"]
[Result "1-0"]
[WhiteElo "2374"]
[BlackElo "1905"]
[PlyCount "47"]
[EventDate "1999.08.05"]
[EventType "tourn (corr)"]
[EventRounds "12"]
[SourceTitle "Corr 2008"]
[Source "ChessBase"]
[SourceDate "2008.06.24"]
[SourceVersion "1"]
[SourceVersionDate "2008.06.24"]
[SourceQuality "1"]

1. e4 Nf6 2. e5 Nd5 3. d4 d6 4. Nf3 g6 5. Bc4 Nb6 6. Bb3 Bg7 7. a4 a5 8. 0-0 0-0 9. h3 Na6 10. exd6 Qxd6 11. Na3 Be6 12. Bxe6 Qxe6 13. Re1 Qd7 14. c3 Nxa4 15. Nc4 Nb6 16. Nfe5 Bxe5 17. Nxe5 Qb5 18. Bh6 Rfe8 19. Qg4 Qd5 20. f4 Red8 21. f5 Rd6 22. Qh4 f6 23. fxg6 fxe5 24. Rxe5 1-0

[Event "IECG WC.1999.F.00001 email"]
[Site "IECG email"]
[Date "1999.??.??"]
[Round "?"]
[White "Pecha, Martin"]
[Black "Arnold, Jens"]
[Result "1/2-1/2"]
[WhiteElo "2374"]
[BlackElo "2079"]
[PlyCount "36"]
[EventDate "1999.08.05"]
[EventType "tourn (corr)"]
[EventRounds "12"]
[SourceTitle "Corr 2008"]
[Source "ChessBase"]
[SourceDate "2008.06.24"]
[SourceVersion "1"]
[SourceVersionDate "2008.06.24"]
[SourceQuality "1"]

1. e4 e5 2. Nf3 Nf6 3. d4 Nxe4 4. Bd3 d5 5. Nxe5 Nd7 6. Nxd7 Bxd7 7. 0-0 Qh4 8. c4 0-0-0 9. c5 g5 10. Nc3 Nf6 11. g3 Qh3 12. Qf3 Bg7 13. Bxg5 Bg4 14. Qg2 Qh5 15. h4 h6 16. Be3 Bf3 17. Qh3+ Bg4 18. Qg2 Bf3 1/2-1/2

[Event "IECG WC.1999.F.00001 email"]
[Site "IECG email"]
[Date "1999.??.??"]
[Round "?"]
[White "Pecha, Martin"]
[Black "Claridge, John Bleddyn"]
[Result "0-1"]
[WhiteElo "2374"]
[BlackElo "2211"]
[PlyCount "150"]
[EventDate "1999.08.05"]
[EventType "tourn (corr)"]
[EventRounds "12"]
[SourceTitle "Corr 2008"]
[Source "ChessBase"]
[SourceDate "2008.06.24"]
[SourceVersion "1"]
[SourceVersionDate "2008.06.24"]
[SourceQuality "1"]

1. e4 e5 2. Nf3 Nc6 3. Bb5 a6 4. Ba4 Nf6 5. 0-0 Be7 6. Re1 b5 7. Bb3 0-0 8. c3 d5 9. exd5 Nxd5 10. Nxe5 Nxe5 11. Rxe5 c6 12. d4 Bd6 13. Re1 Qh4 14. g3 Qh3 15. Be3 Bg4 16. Qd3 Rae8 17. Nd2 f5 18. Qf1 Qh5 19. f4 g5 20. Qg2 gxf4 21. Bxd5+ cxd5 22. Qxd5+ Kg7 23. Bxf4 Bxf4 24. gxf4 Kh8 25. Nf1 Qg6 26. Qg2 Rg8 27. Re5 Rxe5 28. dxe5 h5 29. Kf2 Qh6 30. Qg3 h4 31. Qe3 Bh5 32. e6 Rg4 33. Qe5+ Kg8 34. Ke3 Rg6 35. Qb8+ Kh7 36. Qc7+ Kg8 37. Kd4 Rxe6 38. Ne3 Qf6+ 39. Kd3 Rd6+ 40. Kc2 Qe6 41. Re1 Qe4+ 42. Kc1 Qxf4 43. Qb8+ Kf7 44. Qc7+ Kf6 45. b3 Bf3 46. Qc5 h3 47. Rg1 Bg2 48. Kb1 Be4+ 49. Ka1 Bg2 50. b4 Qe5 51. Nxg2 hxg2 52. Qc8 Qxh2 53. Qf8+ Kg5 54. Rxg2+ Qxg2 55. Qxd6 f4 56. Qxa6 Qe2 57. Qa7 f3 58. Qg1+ Kf4 59. Qd4+ Kg3 60. Qg1+ Qg2 61. Qe1+ Kh2 62. Qh4+ Kg1 63. Qd4+ Qf2 64. Qf4 Qe2 65. Kb1 f2 66. Qg3+ Kf1 67. Kc1 Qe1+ 68. Kc2 Qe4+ 69. Kd2 Qd5+ 70. Kc2 Ke2 71. Qg4+ Ke1 72. Qh4 Qxa2+ 73. Kc1 Qd2+ 74. Kb1 Qxc3 75. Qe4+ Kd2 0-1

[Event "IECG W-ch1 fin email"]
[Site "IECG email"]
[Date "1998.??.??"]
[Round "?"]
[White "Pecha, Martin"]
[Black "Burkett, Max"]
[Result "1-0"]
[WhiteElo "2345"]
[BlackElo "2286"]
[PlyCount "41"]
[EventDate "1998.??.??"]
[EventType "tourn (corr)"]
[EventRounds "8"]
[SourceTitle "Corr 2008"]
[Source "ChessBase"]
[SourceDate "2008.06.24"]
[SourceVersion "1"]
[SourceVersionDate "2008.06.24"]
[SourceQuality "1"]

1. e4 e5 2. Nf3 Nc6 3. Bb5 a6 4. Ba4 Nf6 5. 0-0 Nxe4 6. d4 b5 7. Bb3 d5 8. dxe5 Be6 9. Nbd2 Nc5 10. c3 d4 11. Bxe6 Nxe6 12. cxd4 Ncxd4 13. a4 Rb8 14. axb5 axb5 15. Nb3 Nxb3 16. Qxb3 c5 17. Ng5 Nxg5 18. Rd1 Nh3+ 19. gxh3 Qc7 20. e6 c4 21. Qf3 1-0

[Event "IECG CP.1995.F.00001"]
[Site "IECG email"]
[Date "1997.??.??"]
[Round "?"]
[White "Costantino, Gian Paolo"]
[Black "Pecha, Martin"]
[Result "0-1"]
[WhiteElo "2226"]
[BlackElo "2346"]
[PlyCount "122"]
[EventDate "1997.09.01"]
[EventType "tourn (corr)"]
[EventRounds "8"]
[SourceTitle "Corr 2008"]
[Source "ChessBase"]
[SourceDate "2008.06.24"]
[SourceVersion "1"]
[SourceVersionDate "2008.06.24"]
[SourceQuality "1"]

1. d4 Nf6 2. Nf3 g6 3. Bg5 Bg7 4. e3 0-0 5. c3 d5 6. Nbd2 Nbd7 7. Be2 Re8 8. b4 c6 9. 0-0 e5 10. Nb3 h6 11. Bxf6 Bxf6 12. Qc2 e4 13. Nfd2 Be7 14. a3 Bd6 15. c4 Qg5 16. Rfc1 Nf6 17. cxd5 cxd5 18. Nf1 Kg7 19. Nc5 h5 20. f4 exf3 21. Bxf3 b6 22. Nd3 Ba6 23. Qd2 Rad8 24. Rc3 Qf5 25. Nf2 g5 26. Be2 Bc8 27. Bd3 Qd7 28. Nh3 g4 29. Nf4 h4 30. Qf2 Rh8 31. g3 h3 32. Nd2 Qe7 33. Rf1 Bd7 34. Ne2 Rhe8 35. Bf5 Bb5 36. Nb3 Rh8 37. Rfc1 Bd7 38. Nd2 a5 39. Bxd7 axb4 40. axb4 Rxd7 41. e4 dxe4 42. Nc4 Nd5 43. Ne3 Qg5 44. Nxd5 Qxd5 45. Rf1 Rh6 46. Re3 Bxb4 47. Qf5 Qxf5 48. Rxf5 Re7 49. Rf4 f5 50. Rxf5 Bd2 51. Ra3 Rf6 52. Rxf6 Kxf6 53. Rb3 Rb7 54. Rb5 Ra7 55. Rxb6+ Ke7 56. Rb1 Kd6 57. Rf1 Kd5 58. Rd1 Be3+ 59. Kf1 Rf7+ 60. Ke1 Rf2 61. Nc3+ Kc4 0-1

[Event "IECG CP.1995.F.00001"]
[Site "IECG email"]
[Date "1997.??.??"]
[Round "?"]
[White "Pecha, Martin"]
[Black "Jaluvka, Josef"]
[Result "0-1"]
[WhiteElo "2345"]
[BlackElo "2096"]
[PlyCount "66"]
[EventDate "1997.09.01"]
[EventType "tourn (corr)"]
[EventRounds "8"]
[SourceTitle "Corr 2008"]
[Source "ChessBase"]
[SourceDate "2008.06.24"]
[SourceVersion "1"]
[SourceVersionDate "2008.06.24"]
[SourceQuality "1"]

1. e4 e5 2. Nf3 Nc6 3. Bb5 a6 4. Ba4 Nf6 5. 0-0 Nxe4 6. d4 b5 7. Bb3 d5 8. dxe5 Be6 9. Nbd2 Nc5 10. c3 Nd3 11. Qe2 Nf4 12. Qe3 g5 13. g3 Nh3+ 14. Kg2 g4 15. Nd4 Nxd4 16. cxd4 h5 17. f4 Bf5 18. a4 Rh6 19. Bd1 Bb4 20. Re1 bxa4 21. Bxa4+ Kf8 22. Bd1 c5 23. b3 Rc8 24. Bb2 Kg8 25. Be2 cxd4 26. Bxd4 Rc2 27. Red1 Rhc6 28. Bd3 R6c3 29. Bxc3 d4 30. Bxc2 dxe3 31. Bxf5 exd2 32. Be4 Bxc3 33. Ra4 Qb6 0-1